[Event "Hastings8182"]
[Site "Hastings"]
[Date "1981.??.??"]
[Round "1"]
[White "Rivas Pastor, Manuel"]
[Black "Ree, Hans"]
[Result "1/2-1/2"]
[WhiteElo "2470"]
[BlackElo "2510"]

1.d4 d5 2.c4 c6 3.Nf3 Nf6 4.e3 Bf5 5.Qb3 Qb6 6.c5 Qc7 7.Bd3 e6 8.O-O Nbd7
9.Nbd2 Be7 10.Re1 Ne4 11.Qc2 Ndf6 12.b4 O-O 13.Ne5 Nxd2 14.Bxd2 Bxd3 15.Qxd3 Ne4
16.f3 Nxd2 17.Qxd2 f6 18.Nd3 e5 19.Rab1 Rae8 20.dxe5 fxe5 21.e4 d4 22.b5 h6
23.bxc6 bxc6 24.Qb4 Rb8 25.Qc4+ Kh8 26.Rb3 Bf6 27.Reb1 Rxb3 28.axb3 Qa5 29.b4 Qa3
30.Qb3 Qa6 31.Rb2 Qa1+ 32.Rb1 Qa6 33.b5 cxb5 34.Qxb5 Qe6 35.c6 Rc8 36.Rc1 Kh7
37.h3 Rc7 38.Kh2 Be7 39.Rc4 Bd6 40.Ra4 Qf6 41.Ra6 h5 42.Qd5 h4 43.Kh1 Qh6
44.f4 exf4 45.e5 Be7 46.Qxd4 Rxc6 47.Qe4+ Qg6 48.Qxc6 Qxd3 49.Ra1 Qe3 50.Qc2+ Kh6
51.Qc6+ g6 52.e6 a5 53.Qe8 Qe5 54.Rb1 f3 55.Qxe7 fxg2+ 56.Kxg2 Qg3+ 57.Kf1 Qf3+
58.Ke1 Qe3+ 59.Kd1  1/2-1/2

[Event "Hastings8182"]
[Site "Hastings"]
[Date "1981.??.??"]
[Round "1"]
[White "Littlewood, Paul E"]
[Black "Szabo, Laszlo"]
[Result "1-0"]
[WhiteElo "2435"]
[BlackElo "2510"]

1.d4 Nf6 2.c4 e6 3.Nf3 b6 4.e3 Bb4+ 5.Nbd2 Bb7 6.Bd3 O-O 7.O-O d5 8.a3 Bxd2
9.Bxd2 Ne4 10.cxd5 exd5 11.b4 c6 12.Qc2 Qe7 13.Be1 Nd7 14.Nd2 f5 15.f3 Nd6
16.Bf2 Rac8 17.Nb3 g5 18.Rae1 Qg7 19.Bg3 f4 20.exf4 gxf4 21.Bh4 Rce8 22.Qc1 Qh6
23.g3 Re3 24.Rxe3 fxe3 25.f4 Qe6 26.Rf3 Nc4 27.Bxc4 dxc4 28.Rxe3 Qd5 29.Nd2 b5
30.Nf3 a5 31.Be7 Ra8 32.Bc5 axb4 33.axb4 Nxc5 34.dxc5 Bc8 35.Re8+ Kf7 36.Qe1 Be6
37.Rxa8 Qxf3 38.Ra7+  1-0

[Event "Hastings8182"]
[Site "Hastings"]
[Date "1981.??.??"]
[Round "2"]
[White "Lein, Anatoly"]
[Black "Kupreichik, Viktor D"]
[Result "0-1"]
[WhiteElo "2510"]
[BlackElo "2580"]

1.Nf3 d5 2.d3 Nc6 3.Nbd2 e5 4.e4 Nf6 5.Be2 Bc5 6.O-O O-O 7.c3 a5 8.a4 h6
9.Qc2 Be6 10.exd5 Nxd5 11.Re1 Qd7 12.Bf1 f6 13.Ne4 Ba7 14.b3 Bg4 15.Be2 f5
16.Ng3 Rae8 17.h3 e4 18.dxe4 fxe4 19.Nxe4 Bf5 20.Bc4 Kh8 21.Ba3 Bxh3 22.Bxf8 Qg4
23.Nh4 Bxg2 24.Ng3 Be4 25.Bxg7+ Kxg7 26.Rxe4 Qxg3+ 27.Kf1 Rf8 28.Ke1  0-1

[Event "Hastings8182"]
[Site "Hastings"]
[Date "1981.??.??"]
[Round "2"]
[White "Taulbut, Shaun M"]
[Black "Littlewood, Paul E"]
[Result "0-1"]
[WhiteElo "2420"]
[BlackElo "2435"]

1.Nf3 Nf6 2.d4 g6 3.Bf4 d6 4.h3 Bg7 5.e3 O-O 6.Be2 c5 7.c3 Nc6 8.O-O cxd4
9.exd4 Nd5 10.Bg5 h6 11.c4 hxg5 12.cxd5 Nb4 13.Nc3 Qa5 14.Qb3 e6 15.Bc4 b5
16.Be2 Rb8 17.Rfd1 Nxd5 18.Nxd5 exd5 19.Qxd5 Qb6 20.Nxg5 Bb7 21.Qb3 Bxd4
22.Qg3 Qc5 23.h4 Be5 24.Qd3 Qb4 25.g3 Bc8 26.a3 Qxb2 27.Rab1 Bf5 28.Ne4 Qa2
29.g4 Be6 30.Rd2 Qc4 31.Qe3 Qc7 32.h5 d5 33.hxg6 dxe4 34.Qxe4 f5 35.gxf5 Bxf5
36.Qd5+ Kg7 37.Rbd1 Rb6 38.Bh5 Qe7 39.Qg2 Rh8  0-1

[Event "Hastings8182"]
[Site "Hastings"]
[Date "1981.??.??"]
[Round "3"]
[White "Littlewood, Paul E"]
[Black "Chandler, Murray G"]
[Result "1-0"]
[WhiteElo "2435"]
[BlackElo "2530"]

1.d4 d5 2.c4 e6 3.Nc3 Be7 4.cxd5 exd5 5.Bf4 c6 6.e3 Bf5 7.g4 Be6 8.h3 Bd6
9.Qb3 Bxf4 10.exf4 Bc8 11.O-O-O Qd6 12.Kb1 h5 13.Bg2 hxg4 14.hxg4 Rxh1 15.Bxh1 Qxf4
16.Re1+ Kd8 17.Nf3 Nd7 18.Qa3 Qxg4 19.Ka1 Qf4 20.Bg2 f6 21.Ne2 Qc7 22.Ng3 Qf4
23.Ne2 Qc7 24.Ng3 Qf4 25.Bh3 Kc7 26.Be6 Ne7 27.Qxe7 Qxf3 28.Nf5 Qxf2 29.Qd6+ Kb6
30.Qb4+ Kc7 31.Qd6+ Kb6 32.Rb1 Ne5 33.Bxc8 Nd3 34.Qd8+ Kb5 35.Qc7 Nb4 36.Nd6+ Ka4
37.b3+  1-0

[Event "Hastings8182"]
[Site "Hastings"]
[Date "1981.??.??"]
[Round "3"]
[White "Rivas Pastor, Manuel"]
[Black "Mestel, A Jonathan"]
[Result "1-0"]
[WhiteElo "2470"]
[BlackElo "2475"]

1.d4 Nf6 2.c4 c5 3.d5 e5 4.Nc3 d6 5.e4 g6 6.Bd3 Nh5 7.Nge2 Be7 8.Be3 Bg5
9.Qd2 Bxe3 10.Qxe3 O-O 11.O-O-O Nd7 12.g4 Ng7 13.h4 Nf6 14.f3 h5 15.gxh5 Nfxh5
16.Rdg1 Qf6 17.Rg5 Bd7 18.Rf1 Bh3 19.Rf2 Nf4 20.Nxf4 exf4 21.Qd2 Rfe8 22.Ne2 Bd7
23.Nxf4 b5 24.Rfg2 Re5 25.R5g3 Be8 26.Rg5 Rb8 27.Kb1 bxc4 28.Bxc4 Rb4 29.Bb3 a5
30.Nd3 Rd4 31.Qf4 Rxg5 32.hxg5 Qd8 33.Bc2 Qb6 34.Qe3 Bb5 35.Nc1 Ba6 36.a3 Qb5
37.Rf2 Qb8 38.f4 a4 39.f5 gxf5 40.exf5 Bc8 41.f6  1-0

[Event "Hastings8182"]
[Site "Hastings"]
[Date "1981.??.??"]
[Round "3"]
[White "Short, Nigel D"]
[Black "Taulbut, Shaun M"]
[Result "0-1"]
[WhiteElo "2440"]
[BlackElo "2420"]

1.d4 Nf6 2.Nf3 e6 3.c3 c5 4.Bg5 Nc6 5.e3 h6 6.Bh4 cxd4 7.exd4 Be7 8.Nbd2 b6
9.Bd3 Bb7 10.O-O O-O 11.Bb1 Nd5 12.Bg3 Rc8 13.Re1 b5 14.a4 a6 15.axb5 axb5
16.Qe2 Qb6 17.Bd3 f5 18.Bxb5 f4 19.Bh4 g5 20.c4 Nf6 21.d5 Nb4 22.Nxg5 hxg5
23.Bxg5 Rf7 24.Nf3 Rg7 25.Bh6 Rh7 26.Bxf4 exd5 27.Ng5 Rg7 28.h4 Ne4 29.Be5 Bf6
30.Bxf6 Qxf6 31.Ra7 Nxg5 32.hxg5 Qxg5 33.f4 Qxf4 34.Rxb7 Rh7 35.g3 Rg7 36.Qe6+ Kf8  0-1

[Event "Hastings8182"]
[Site "Hastings"]
[Date "1981.??.??"]
[Round "3"]
[White "Kupreichik, Viktor D"]
[Black "Szabo, Laszlo"]
[Result "1-0"]
[WhiteElo "2580"]
[BlackElo "2510"]

1.e4 e5 2.Nf3 Nc6 3.Bb5 a6 4.Ba4 Nf6 5.O-O Be7 6.Re1 b5 7.Bb3 d6 8.a4 Bb7
9.c3 Na5 10.Bc2 c5 11.d4 cxd4 12.cxd4 Nc6 13.d5 Nb4 14.Bb3 O-O 15.a5 Qc8
16.Bg5 Qc5 17.Be3  1-0

[Event "Hastings8182"]
[Site "Hastings"]
[Date "1981.??.??"]
[Round "3"]
[White "Christiansen, Larry Mark"]
[Black "Lein, Anatoly"]
[Result "1/2-1/2"]
[WhiteElo "2575"]
[BlackElo "2510"]

1.c4 e5 2.Nc3 Nc6 3.Nf3 f5 4.d4 e4 5.Bg5 Be7 6.Bxe7 Ncxe7 7.Nd2 Nf6 8.e3 d6
9.Be2 O-O 10.O-O c5 11.Nb3 b6 12.f3 Bb7 13.fxe4 Nxe4 14.Nxe4 Bxe4 15.Bf3 Bxf3
16.Qxf3 Qd7 17.Rad1 Qe6  1/2-1/2

[Event "Hastings8182"]
[Site "Hastings"]
[Date "1981.??.??"]
[Round "4"]
[White "Rivas Pastor, Manuel"]
[Black "Smyslov, Vassily"]
[Result "1/2-1/2"]
[WhiteElo "2470"]
[BlackElo "2580"]

1.d4 d5 2.c4 dxc4 3.Nf3 Nf6 4.e3 e6 5.Bxc4 c5 6.O-O a6 7.a4 Nc6 8.Qe2 cxd4
9.Rd1 d3 10.Bxd3 Qc7 11.Nc3 Be7 12.b3 O-O 13.Bb2 Rd8 14.Rac1 Bd7 15.Ne4 Nxe4
16.Bxe4 Qb6 17.Nd2 Be8 18.Nc4 Rxd1+ 19.Rxd1 Qc7 20.Qg4 g6 21.Qf3  1/2-1/2

[Event "Hastings8182"]
[Site "Hastings"]
[Date "1981.??.??"]
[Round "4"]
[White "Mestel, A Jonathan"]
[Black "Lein, Anatoly"]
[Result "1/2-1/2"]
[WhiteElo "2475"]
[BlackElo "2510"]

1.e4 c6 2.d4 d5 3.Nc3 dxe4 4.Nxe4 Bf5 5.Ng3 Bg6 6.h4 h6 7.Nf3 Nd7 8.h5 Bh7
9.Bd3 Bxd3 10.Qxd3 Ngf6 11.Bd2 e6 12.O-O-O Qc7 13.Kb1 O-O-O 14.Qe2 Bd6 15.Ne4 Nxe4
16.Qxe4 Nf6 17.Qe2 Rhe8 18.Ne5 c5 19.Bf4 Nd5 20.dxc5 Nxf4 21.cxd6 Nxe2 22.dxc7 Kxc7
23.Rde1 Nf4 24.g3 f6 25.gxf4 fxe5 26.Rxe5 Rf8 27.Re4 Rd2 28.Rf1 Rf5 29.Kc1 Rd7
30.Rxe6 Rxh5 31.Rg6 Rf5 32.Rfg1  1/2-1/2

[Event "Hastings8182"]
[Site "Hastings"]
[Date "1981.??.??"]
[Round "4"]
[White "Szabo, Laszlo"]
[Black "Christiansen, Larry Mark"]
[Result "1-0"]
[WhiteElo "2510"]
[BlackElo "2575"]

1.d4 Nf6 2.c4 e6 3.Nf3 c5 4.d5 exd5 5.cxd5 g6 6.Nc3 d6 7.g3 Bg7 8.Bg2 O-O
9.O-O Nbd7 10.h3 a6 11.a4 Re8 12.Nd2 Rb8 13.Nc4 Ne5 14.Na3 Nh5 15.Kh2 g5
16.Nc2 g4 17.Ne3 f5 18.hxg4 fxg4 19.Ne4 b5 20.Rh1 h6 21.axb5 Rxb5 22.Qc2 Rf8
23.Kg1 Nf6 24.Nc3 Nh7 25.Nxb5 axb5 26.Nd1 Ng5 27.Bxg5 Qxg5 28.Be4 Nc4 29.Bd3 Qxd5
30.Ra7 Bb7 31.e4 Qf7 32.Bxc4 bxc4 33.Ne3 Re8 34.Qd1 Rxe4 35.Qxd6 Rxe3 36.fxe3 Qf3
37.Qb8+ Bf8 38.Qxb7 Qxe3+ 39.Kh2 Be7 40.Rf1  1-0

[Event "Hastings8182"]
[Site "Hastings"]
[Date "1981.??.??"]
[Round "5"]
[White "Christiansen, Larry Mark"]
[Black "Taulbut, Shaun M"]
[Result "1/2-1/2"]
[WhiteElo "2575"]
[BlackElo "2420"]

1.c4 Nf6 2.Nc3 g6 3.g3 Bg7 4.Bg2 d6 5.Nf3 O-O 6.O-O Nc6 7.d4 Rb8 8.Nd5 e6
9.Nxf6+ Qxf6 10.Bg5 Qf5 11.Qd2 e5 12.d5 Nd4 13.Nxd4 exd4 14.e4 dxe3 15.Bxe3 Qe5
16.Qa5 Bf5 17.b3 Qe7 18.Rac1 b6 19.Qd2 Qf6 20.Rfe1 Rfe8 21.h3 h5 22.b4 Qb2
23.Bf1 Qxd2 24.Bxd2 Bb2 25.Rxe8+ Rxe8 26.Re1 Rxe1 27.Bxe1 Ba3 28.Bc3 Bb1
29.f4 Bxa2 30.h4 a6 31.Kf2 b5 32.cxb5 axb5 33.Bg2 Bc1 34.Be4 Bc4 35.Bf3 Kf8
36.Bg2 Ke7 37.Be4 f5 38.Bf3 Bd3 39.Be2 Bxe2 40.Kxe2 Kd7 41.Kd3 c5 42.dxc6+ Kxc6
43.Kd4 Ba3 44.Be1 Bb2+ 45.Bc3 Ba3 46.Bd2  1/2-1/2

[Event "Hastings8182"]
[Site "Hastings"]
[Date "1981.??.??"]
[Round "5"]
[White "Kupreichik, Viktor D"]
[Black "Chandler, Murray G"]
[Result "1/2-1/2"]
[WhiteElo "2580"]
[BlackElo "2530"]

1.e4 c6 2.Nc3 d5 3.d4 dxe4 4.Nxe4 Bf5 5.Ng3 Bg6 6.Bc4 e6 7.N1e2 Bd6 8.Nf4 Nf6
9.Bb3 Qc7 10.Qf3 Nbd7 11.Be3 O-O-O 12.O-O-O c5 13.Nxg6 hxg6 14.dxc5 Nxc5
15.Kb1 Be5 16.h3 a5 17.Bxc5 Qxc5 18.Ne4 Nxe4 19.Qxe4 Rd4 20.Qe2 Rhd8 21.c3 Rxd1+
22.Rxd1 Rxd1+ 23.Bxd1 Bc7 24.Ba4 Qd5 25.f3 Kd8 26.Bc2 Qc5 27.a3 Ke7 28.Be4 b6
29.Ka2 Bf4 30.Kb3 Bc1 31.Qf1 Be3 32.Qa6 f5 33.Qb7+ Kf6 34.Bc6 Bc1 35.Be8 a4+
36.Kc2 Qf2+ 37.Kxc1 Qe1+ 38.Kc2 Qe2+  1/2-1/2

[Event "Hastings8182"]
[Site "Hastings"]
[Date "1981.??.??"]
[Round "5"]
[White "Lein, Anatoly"]
[Black "Szabo, Laszlo"]
[Result "1/2-1/2"]
[WhiteElo "2510"]
[BlackElo "2510"]

1.d4 Nf6 2.c4 e6 3.Nf3 b6 4.e3 Bb7 5.Bd3 d5 6.cxd5 exd5 7.O-O Bd6 8.b3 Qe7
9.Nc3 a6 10.Bb2 Nbd7 11.Rc1 O-O 12.Rc2 Ne4 13.Re1 f5 14.g3 g5 15.Bf1 Rac8
16.Bg2 c6 17.Qc1 g4 18.Nh4 Rf6 19.Bxe4 fxe4 20.Ne2 Nf8 21.Nf4 Ne6 22.Nxe6 Qxe6
23.Ba3 Bb8 24.Qd1 Kf7 25.Kh1 Rg8 26.Rg1 Rh6 27.Rg2 Bc7 28.Kg1 Bd8 29.Kf1 a5
30.Ke1 Ba6 31.Kd2 Bd3 32.Rc3 b5 33.Bc5 b4 34.Rc1 Bxh4 35.gxh4 Rxh4 36.Ra1 Qf6
37.Qg1 Ra8 38.Rg3 a4 39.bxa4 Rxa4 40.Kc1 Qf5 41.Kb2 Qc8 42.h3 Be2 43.Qh2 Rh6
44.Rg2 Bf3 45.Rgg1 Kg8 46.Qe5 Ra8 47.Bxb4 Qa6 48.Rgc1 gxh3 49.Qg3+ Rg6 50.Qxh3 Bg4
51.Qh2 Rg7 52.a3 Rf7 53.Rc2 c5 54.Qh4 cxb4 55.Qxg4+ Rg7 56.Qf5 bxa3+ 57.Ka2 Rd8  1/2-1/2

[Event "Hastings8182"]
[Site "Hastings"]
[Date "1981.??.??"]
[Round "5"]
[White "Short, Nigel D"]
[Black "Ree, Hans"]
[Result "1-0"]
[WhiteElo "2440"]
[BlackElo "2510"]

1.e4 c5 2.g3 Nc6 3.Bg2 g6 4.Ne2 Bg7 5.O-O d6 6.c3 e5 7.Na3 Nge7 8.Nc2 d5
9.exd5 Nxd5 10.d4 cxd4 11.cxd4 exd4 12.Ncxd4 Nxd4 13.Nxd4 O-O 14.Nb3 Nb4
15.Be3 Qxd1 16.Raxd1 Nxa2 17.Ra1 Be6 18.Nc5 Bc4 19.Rfb1 Nb4 20.Bxb7 Ba2 21.Rd1 Rad8
22.Bd2 a5 23.Bxb4 Rxd1+ 24.Rxd1 axb4 25.b3 Re8 26.Bd5 Rc8 27.Ne4 Rc7 28.Bc4 Kf8
29.Kf1 h6 30.Ke2 Ke7 31.f4 f5 32.Nf2 Bc3 33.Kd3 Rd7+ 34.Kc2 Rxd1 35.Nxd1 Bd4
36.h3 g5 37.fxg5 hxg5 38.g4 Kf6 39.Nb2 Bc3 40.Nd3 f4 41.Bd5 Ke7 42.Nc1 Kd6
43.Ba8  1-0

[Event "Hastings8182"]
[Site "Hastings"]
[Date "1981.??.??"]
[Round "5"]
[White "Smyslov, Vassily"]
[Black "Mestel, A Jonathan"]
[Result "1/2-1/2"]
[WhiteElo "2580"]
[BlackElo "2475"]

1.Nf3 c5 2.b3 d6 3.c4 g6 4.Bb2 e5 5.e3 Bg7 6.Be2 Nc6 7.O-O Nge7 8.Nc3 O-O
9.d3 a6 10.Qd2 Rb8 11.Rfd1 b5 12.cxb5 axb5 13.d4 b4 14.Na4 cxd4 15.exd4 e4
16.Ne1 Nd5 17.Qc2 Qe8 18.Bc4 Qe6 19.g3 Na5 20.Ng2 Nxc4 21.bxc4 Nf6 22.d5 Qf5
23.c5 Ng4 24.Bxg7 Kxg7 25.cxd6 Ne5 26.Nh4 Nf3+ 27.Nxf3 Qxf3 28.Qb3 Bg4 29.Qxf3 Bxf3
30.Rd4 Rfd8 31.Nc5 Rxd6  1/2-1/2

[Event "Hastings8182"]
[Site "Hastings"]
[Date "1981.??.??"]
[Round "6"]
[White "Chandler, Murray G"]
[Black "Christiansen, Larry Mark"]
[Result "1-0"]
[WhiteElo "2530"]
[BlackElo "2575"]

1.e4 Nf6 2.e5 Nd5 3.d4 d6 4.Nf3 Bg4 5.Be2 e6 6.O-O Be7 7.c4 Nb6 8.Nc3 O-O
9.Be3 N8d7 10.exd6 cxd6 11.b3 Nf6 12.h3 Bh5 13.Rc1 a6 14.g4 Bg6 15.Nh4 Nbd7
16.Bf3 Rb8 17.Nxg6 hxg6 18.b4 Nb6 19.Qe2 d5 20.c5 Nc4 21.Bf4 Rc8 22.a4 b6
23.Rfe1 Re8 24.g5 Nh7 25.h4 a5 26.Nb5 axb4 27.Rxc4 dxc4 28.c6 e5 29.Bxe5 c3
30.c7 Qd7 31.Bg4 Qd5 32.Bxc8 Rxc8 33.Na7 Rxc7 34.Bxc7 Nxg5 35.hxg5 Qxg5+
36.Bg3 b3 37.Nc6 Bd6 38.Qe8+ Kh7 39.Ne5 Bxe5 40.Qxe5 f5 41.Kg2  1-0

[Event "Hastings8182"]
[Site "Hastings"]
[Date "1981.??.??"]
[Round "6"]
[White "Mestel, A Jonathan"]
[Black "Szabo, Laszlo"]
[Result "1-0"]
[WhiteElo "2475"]
[BlackElo "2510"]

1.e4 c5 2.Nf3 d6 3.d4 cxd4 4.Nxd4 Nf6 5.Nc3 a6 6.Be2 e5 7.Nb3 Be7 8.O-O O-O
9.Bg5 Nbd7 10.a4 h6 11.Be3 b6 12.f3 Bb7 13.Qd2 Qc7 14.Rfd1 Rfd8 15.Nc1 Nf8
16.Nd5 Nxd5 17.exd5 Bg5 18.Bxg5 hxg5 19.c4 Ng6 20.Qxg5 b5 21.b3 Nf4 22.Bf1 bxc4
23.bxc4 a5 24.Kh1 Rdc8 25.Nd3 Ng6 26.Nf2 Ba6 27.Ne4 Rab8 28.Rac1 Qd8 29.Qxd8+ Rxd8
30.Rb1 Rb4 31.Rxb4 axb4 32.Rb1 f5 33.Ng3 Ne7 34.Rxb4 Rc8 35.Kg1 Kf7 36.Kf2 Rc5
37.Be2 Ra5 38.Nf1 Bc8 39.Bd1 Bd7 40.Nd2 Nc8 41.Bc2 g6 42.g4 Ra6 43.Rb7 Ke8
44.gxf5 gxf5 45.h4 Bxa4 46.Bxf5 Ne7 47.Be6 Kf8 48.h5 Bc2 49.h6 Ng6 50.Rb8+  1-0

[Event "Hastings8182"]
[Site "Hastings"]
[Date "1981.??.??"]
[Round "6"]
[White "Taulbut, Shaun M"]
[Black "Lein, Anatoly"]
[Result "1/2-1/2"]
[WhiteElo "2420"]
[BlackElo "2510"]

1.e4 c5 2.Nf3 e6 3.d4 cxd4 4.Nxd4 a6 5.g3 d5 6.Nc3 dxe4 7.Be3 Nf6 8.Nb3 Qxd1+
9.Rxd1 Bb4 10.Bd2 Bxc3 11.Bxc3 Nbd7 12.Bg2 b6 13.Nd2 Bb7 14.O-O Bd5 15.Bd4 Ke7
16.Rfe1 Rhc8 17.c4 Bb7 18.b3 b5 19.Bc3 Nc5 20.Bxf6+ gxf6 21.Nxe4 Bxe4 22.Bxe4 Nxe4
23.Rxe4 bxc4 24.bxc4 Rc5 25.Red4 Ra7 26.Rb1 Ra5 27.Rb2 Rc7 28.Kf1 Ra4  1/2-1/2

[Event "Hastings8182"]
[Site "Hastings"]
[Date "1981.??.??"]
[Round "6"]
[White "Rivas Pastor, Manuel"]
[Black "Littlewood, Paul E"]
[Result "1-0"]
[WhiteElo "2470"]
[BlackElo "2435"]

1.d4 Nf6 2.c4 e6 3.Nf3 c5 4.e3 d5 5.Nc3 Nc6 6.cxd5 Nxd5 7.Bd3 Be7 8.O-O cxd4
9.exd4 O-O 10.a3 Bf6 11.Be4 Nce7 12.Re1 Bd7 13.Qd3 h6 14.Ne5 Nxc3 15.Qxc3 Bc6
16.Bxc6 Nxc6 17.Nxc6 bxc6 18.Qxc6 Bxd4 19.Qf3 Qb6 20.Rb1 Rac8 21.Be3 Rfd8
22.Bxd4 Rxd4 23.g3 a5 24.Red1 a4 25.b3 axb3 26.Rxb3 Rxd1+ 27.Qxd1 Qc6 28.Rd3 Qe4
29.Rd8+ Rxd8 30.Qxd8+ Kh7 31.Qd1 f5 32.a4 Qb4 33.Qc2 Qa5 34.Qc6 e5 35.Kg2 Qe1
36.Qd5 Qe2 37.Qf3 Qc2 38.a5 Qc8 39.Qd5 e4 40.h4 g6 41.Qf7+ Kh8 42.Qxg6 Qf8  1-0

[Event "Hastings8182"]
[Site "Hastings"]
[Date "1981.??.??"]
[Round "7"]
[White "Lein, Anatoly"]
[Black "Chandler, Murray G"]
[Result "1-0"]
[WhiteElo "2510"]
[BlackElo "2530"]

1.e4 c6 2.d4 d5 3.exd5 cxd5 4.Bd3 Nc6 5.c3 g6 6.Nf3 Bg7 7.O-O Nh6 8.Re1 O-O
9.h3 Qc7 10.Na3 Nf5 11.Nc2 f6 12.c4 dxc4 13.Bxc4+ Kh8 14.d5 Rd8 15.g4 Nd6
16.Bf4 Ne5 17.Bb3 a5 18.a4 Nxf3+ 19.Qxf3 f5 20.g5 Ra6 21.Na3 Bxb2 22.Nb5 Qd7
23.Ra2 Bg7 24.Nxd6 exd6 25.Rae2 Bf8 26.Bc4 Ra8 27.Bb5 Qf7 28.Be8 Qg8 29.Re7 Bxe7
30.Rxe7 Qf8 31.Qc3+ Kg8 32.Bf7+ Qxf7 33.Rxf7 Kxf7 34.Qf6+ Ke8 35.Qh8+  1-0

[Event "Hastings8182"]
[Site "Hastings"]
[Date "1981.??.??"]
[Round "7"]
[White "Szabo, Laszlo"]
[Black "Taulbut, Shaun M"]
[Result "0-1"]
[WhiteElo "2510"]
[BlackElo "2420"]

1.c4 Nf6 2.Nf3 c6 3.g3 d5 4.b3 Bg4 5.Bg2 Nbd7 6.Bb2 e6 7.O-O Be7 8.d3 O-O
9.Nbd2 h6 10.Qc2 a5 11.a3 Re8 12.Bc3 Bd6 13.b4 e5 14.c5 Bf8 15.Nb3 axb4 16.axb4 Rxa1
17.Rxa1 b6 18.d4 e4 19.Ne1 Nh7 20.f3 exf3 21.exf3 Bh5 22.Qf2 Ng5 23.Ra7 Nf6
24.h4 Ne6 25.Nd3 Qb8 26.Ra1 Nd7 27.Re1 Bg6 28.Ne5 Nxe5 29.Rxe5 bxc5 30.dxc5 d4
31.Rxe6 dxc3 32.Rxe8 Qxe8 33.Nd4 Qb8 34.Nxc6 Qb5 35.Qe1 c2 36.Nd4 Bxc5  0-1

[Event "Hastings8182"]
[Site "Hastings"]
[Date "1981.??.??"]
[Round "8"]
[White "Ree, Hans"]
[Black "Lein, Anatoly"]
[Result "0-1"]
[WhiteElo "2510"]
[BlackElo "2510"]

1.c4 e5 2.Nc3 Nc6 3.g3 g6 4.Bg2 Bg7 5.d3 d6 6.Rb1 f5 7.e3 Nf6 8.Nge2 O-O
9.O-O Kh8 10.f4 exf4 11.gxf4 Ne7 12.b3 Rb8 13.Qd2 a6 14.Bb2 c6 15.a4 Be6
16.Ba3 Re8 17.a5 d5 18.Nd4 Bg8 19.Na4 Nc8 20.Rfe1 Nd6 21.Nb6 Nc8 22.Nxc8 Rxc8
23.Bb2 Qe7 24.Nf3 Rcd8 25.Rbc1 Nd7 26.Bxg7+ Qxg7 27.Qc3 Nf6 28.Ne5 Re7 29.Bf3 Nd7
30.d4 Nxe5 31.dxe5 Red7 32.Rcd1 Be6 33.Rd4 g5 34.Re2 gxf4+ 35.Rg2 Qxe5 36.exf4 Qf6
37.cxd5 Bxd5 38.Bxd5 cxd5 39.Rg5 h6 40.Rg3 Kh7 41.Rd1 d4 42.Qc4 Qd6 43.Qd3 Qxf4
44.Rf1 Qe4 45.Rxf5 Qxd3 46.Rxd3 Kg6 47.Rc5 Rd5 48.Rc7 Rg5+ 49.Kf2 Rf8+ 50.Rf3 Rxf3+
51.Kxf3 Rb5 52.Ke4 Rxb3 53.Kxd4 Kg5 54.Ke4 h5 55.Rg7+ Kh4 56.Kf4 Rb5 57.Kf3 Kh3
58.Kf2 Kxh2 59.Rg2+ Kh3 60.Rg3+ Kh4 61.Rg7 Rb2+ 62.Kg1 Kh3 63.Rg5 h4 64.Rg7 Rb1+
65.Kf2 Kh2 66.Rg2+ Kh1 67.Rg4 h3 68.Rg8 Kh2 69.Rg6 Rb2+ 70.Kf1 Rg2  0-1

[Event "Hastings8182"]
[Site "Hastings"]
[Date "1981.??.??"]
[Round "8"]
[White "Mestel, A Jonathan"]
[Black "Taulbut, Shaun M"]
[Result "1/2-1/2"]
[WhiteElo "2475"]
[BlackElo "2420"]

1.e4 e5 2.Bc4 Nf6 3.d3 c6 4.Bb3 d5 5.Nf3 Bb4+ 6.c3 Bd6 7.Bg5 dxe4 8.dxe4 h6
9.Bh4 O-O 10.Nbd2 Bc7 11.O-O Na6 12.Nc4 Nc5 13.Bc2 Qxd1 14.Raxd1 Be6 15.Ncxe5 Bxe5
16.Nxe5 g5 17.Bg3 Ncxe4 18.f4 Kg7 19.fxg5 hxg5 20.Nf3 Nxg3 21.hxg3 Rad8 22.Nxg5 Bc4
23.Rfe1 Rfe8 24.Nf3 Rxd1 25.Rxd1 Bxa2 26.Re1  1/2-1/2

[Event "Hastings8182"]
[Site "Hastings"]
[Date "1981.??.??"]
[Round "9"]
[White "Littlewood, Paul E"]
[Black "Mestel, A Jonathan"]
[Result "0-1"]
[WhiteElo "2435"]
[BlackElo "2475"]

1.d4 Nf6 2.Nf3 g6 3.c4 Bg7 4.Nc3 O-O 5.e4 c6 6.e5 Ne8 7.Bf4 d6 8.h3 Nd7 9.exd6 Nxd6
10.Be2 Re8 11.Qd2 Nf5 12.Rd1 c5 13.Nb5 Nf8 14.Nc7 Nxd4 15.Nxe8 Qxe8 16.Ne5 f6
17.Nd3 b6 18.O-O Bb7 19.Be3 e5 20.Rfe1 Rd8 21.Bxd4 Rxd4 22.Bf1 Ne6 23.f3 h5
24.b4 cxb4 25.Qxb4 Bf8 26.Qc3 Qd7 27.Kh1 Kh7 28.Qc2 Bc6 29.Qb1 Ba4 30.Rd2 Bh6
31.Rb2 Bf8 32.Nf2 Ba3 33.Ne4 Kg7 34.Rf2 Bc6 35.Nc3 Bc5 36.Nb5 Rh4 37.Rd1 Nd4
38.Nxd4 Rxd4 39.Re1 Rh4 40.Rd1 Rd4 41.Re1 h4 42.Rb2 Qd6 43.Rb3 e4 44.fxe4 Qe5
45.Rbe3 Bd6 46.g3 Rxe4 47.Qxe4 Bxe4+ 48.Rxe4 Qxg3 49.R4e2 Bb4 50.Rd1 Qf3+
51.Kh2 Bd6+ 52.Kg1 Bc5+ 53.Kh2 Qg3+ 54.Kh1 Qg1+  0-1

[Event "Hastings8182"]
[Site "Hastings"]
[Date "1981.??.??"]
[Round "9"]
[White "Kupreichik, Viktor D"]
[Black "Smyslov, Vassily"]
[Result "1/2-1/2"]
[WhiteElo "2580"]
[BlackElo "2580"]

1.e4 e5 2.Nf3 Nc6 3.Bb5 Nf6 4.O-O Nxe4 5.Re1 Nd6 6.Nxe5 Be7 7.Bf1 Nxe5 8.Rxe5 O-O
9.d4 Bf6 10.Re1 Nf5 11.c3 d5 12.Bf4 c6 13.Nd2 Nh4 14.Bd3 Bf5 15.Bxf5 Nxf5
16.Nf3 Qd7 17.Qd2 Rae8 18.Rxe8 Rxe8  1/2-1/2

[Event "Hastings8182"]
[Site "Hastings"]
[Date "1981.??.??"]
[Round "9"]
[White "Taulbut, Shaun M"]
[Black "Chandler, Murray G"]
[Result "1/2-1/2"]
[WhiteElo "2420"]
[BlackElo "2530"]

1.e4 c6 2.d4 d5 3.f3 dxe4 4.fxe4 e5 5.Nf3 Be6 6.Nc3 exd4 7.Qxd4 Nd7 8.Bf4 Ngf6
9.O-O-O Bc5 10.Qd2 Qa5 11.e5 Ng4 12.Bc4 O-O-O 13.Bxe6 fxe6 14.Bg5 Nf2 15.Bxd8 Rxd8
16.Ng5 Nxh1 17.Nxe6 Nf2 18.Nxd8 Qxd8 19.Re1 Qe7  1/2-1/2

[Event "Hastings8182"]
[Site "Hastings"]
[Date "1981.??.??"]
[Round "10"]
[White "Smyslov, Vassily"]
[Black "Christiansen, Larry Mark"]
[Result "1/2-1/2"]
[WhiteElo "2580"]
[BlackElo "2575"]

1.Nf3 Nf6 2.g3 c5 3.Bg2 g6 4.O-O Bg7 5.c4 O-O 6.Nc3 Nc6 7.d4 cxd4 8.Nxd4 Nxd4
9.Qxd4 d6 10.Qd3 Be6 11.Bd2 Qd7 12.Nd5 Nxd5 13.cxd5 Bg4 14.f3 Bf5 15.e4 Bh3
16.Bxh3 Qxh3 17.Rac1 Rac8  1/2-1/2

[Event "Hastings8182"]
[Site "Hastings"]
[Date "1981.??.??"]
[Round "10"]
[White "Rivas Pastor, Manuel"]
[Black "Lein, Anatoly"]
[Result "1-0"]
[WhiteElo "2470"]
[BlackElo "2510"]

1.d4 d5 2.c4 c6 3.Nf3 Nf6 4.e3 Bf5 5.cxd5 cxd5 6.Qb3 Qb6 7.Qxb6 axb6 8.Nc3 Nc6
9.Bb5 Bd7 10.Bd2 e6 11.Ke2 Ne4 12.Rhc1 Be7 13.a4 Nxd2 14.Kxd2 Bd6 15.Ne1 Ke7
16.Nd3 Rhc8 17.b3 Rc7 18.Kc2 f6 19.Kb2 Be8 20.Nf4 Bxf4 21.exf4 Kd6 22.Rd1 h6
23.h4 g5 24.hxg5 hxg5 25.fxg5 fxg5 26.Rd2 Rf7 27.Rh1 Bd7 28.Rh6 Raf8 29.f3 Rf6
30.Rh5 g4 31.Be2 Ne7 32.fxg4 Rf2 33.Rh2 Be8 34.Kc1 Rg8 35.Bf3 Rf1+ 36.Kb2 Ng6
37.Rh7 Bd7 38.Ka3 Rc1 39.Kb2 Rg1 40.Be2 Nf8 41.Rh2 Rg7 42.Bf3 Rh7 43.Rh5 Rh1
44.Rg5 R1h6 45.Ne2 Rf7 46.Nc1 Rg6 47.Rh5 Rg8 48.Nd3 Ng6 49.Rh6 Rfg7 50.Rd1 Ra8
51.Re1 Rag8 52.Reh1 Ke7 53.Kc3 Rc8+ 54.Kd2 Ra8 55.Rxg6 Rxg6 56.Rh7+ Kd6 57.Rxd7+ Kxd7
58.Ne5+ Kd6 59.Nxg6 b5 60.axb5 Ra5 61.Ne5 Rxb5 62.g5 Ke7 63.Kc3 Ra5 64.Bd1 Ra8
65.Bc2 Rc8+ 66.Kd2 Rc7 67.Bd3 Kf8 68.Ng6+  1-0

[Event "Hastings8182"]
[Site "Hastings"]
[Date "1981.??.??"]
[Round "10"]
[White "Mestel, A Jonathan"]
[Black "Chandler, Murray G"]
[Result "1-0"]
[WhiteElo "2475"]
[BlackElo "2530"]

1.g3 d5 2.Bg2 Nf6 3.d3 e5 4.Nf3 Bd6 5.O-O c6 6.Nc3 d4 7.Nb1 O-O 8.c3 dxc3
9.Nxc3 Re8 10.Bd2 h6 11.Rc1 Be6 12.Qc2 Nbd7 13.d4 e4 14.Nxe4 Nxe4 15.Qxe4 Bc4
16.Qc2 Bxe2 17.Rfe1 Nf6 18.Ne5 Bh5 19.h3 Qb6 20.g4 Bxe5 21.dxe5 Bg6 22.Qb3 Qxb3
23.axb3 Nd7 24.f4 Bd3 25.Bb4 a5 26.Bd6 a4 27.Rc3 Bb5 28.f5 Nb6 29.e6 axb3
30.Rxb3 Nc4 31.Bc5 Rad8 32.Bf1 fxe6 33.Rxe6 Nd2 34.Bxb5 Rxe6 35.fxe6 Nxb3
36.e7 Rd1+ 37.Kf2 Rd2+ 38.Ke3 Kf7 39.Bc4+ Ke8 40.Bxb3 Rxb2 41.Be6 b6 42.Bd6 g6
43.Bc4 Rb1 44.h4 g5 45.h5 Kd7 46.Kd2 Rb2+ 47.Kc3 Rf2 48.Be6+ Kxe6 49.e8=Q+ Kxd6
50.Qg6+  1-0

[Event "Hastings8182"]
[Site "Hastings"]
[Date "1981.??.??"]
[Round "10"]
[White "Littlewood, Paul E"]
[Black "Short, Nigel D"]
[Result "1/2-1/2"]
[WhiteElo "2435"]
[BlackElo "2440"]

1.d4 Nf6 2.Nf3 e6 3.c4 Bb4+ 4.Nbd2 O-O 5.e3 d6 6.a3 Bxd2+ 7.Bxd2 Qe7 8.Qc2 e5
9.dxe5 dxe5 10.Bc3 Nbd7 11.g4 b6 12.Rg1 Bb7 13.Nd2 Nc5 14.b4 Ne6 15.g5 Nd7
16.Bd3 g6 17.Be4 Bxe4 18.Nxe4 a5 19.Rd1 Rfd8 20.Rxd7 Rxd7 21.Nf6+ Kf8 22.Qe4 Rad8
23.Nxh7+ Kg8 24.Nf6+ Qxf6 25.gxf6 Rd1+ 26.Ke2 Rxg1 27.bxa5 bxa5 28.h4 a4
29.Qxe5 Rg4 30.Qb5 Rxh4 31.Qxa4 Rh1 32.Qc2 Ng5 33.a4 Nh3 34.Qe4 Rc1 35.Be1 Ng5
36.Qe7 Rc2+ 37.Kf1 Ne6 38.Kg2 Rxc4 39.a5 Rc1 40.Bb4 c5 41.Ba3 Ra1  1/2-1/2